| 000 | 01252nam0a2200301 4500 | ||
|---|---|---|---|
| 001 | RU\NLR\BIBL_A\012105994 | ||
| 005 | 20260628182340.0 | ||
| 010 |
_a5-06-002045-2 _915000 |
||
| 035 | _a(NLR Aleph) 012105994 | ||
| 090 |
_a13740449 _c13740449 |
||
| 100 | _a20191001d1987 k y0rusy50 ca | ||
| 101 | 0 | _arus | |
| 102 | _aBY | ||
| 105 | _aa|||z|||000zy | ||
| 200 | 1 |
_aРадиационный теплообмен в двухфазных средах _fК.С. Адзерихо, Е.Ф. Ноготов, В.П. Трофимов _gИнститут физики АН БССР |
|
| 210 |
_aМинск _cНаука и техника _d1987 |
||
| 215 |
_a165, [1] с. _cил. _d22 |
||
| 320 | _aБиблиогр.: с. 157-163 (124 назв.) | ||
| 606 | 1 |
_aЛучистый теплообмен _92449256 _3RU\NLR\AUTH\661456374 |
|
| 686 | 1 | _aЗ312.508 | |
| 700 | 1 |
_aАдзерихо _bК. С. _gКазимир Серафимович |
|
| 701 | 1 |
_aНоготов _bЕ. Ф. _gЕвгений Фомич |
|
| 701 | 1 |
_aТрофимов _bВ. П. _gВладимир Петрович |
|
| 852 |
_aNLR _j87-5/2246 |
||
| 942 | _cBOOK | ||
| 980 | _aNB | ||